| 000 | 00696cam a22002294a 4500 | ||
|---|---|---|---|
| 001 | 12106770 | ||
| 005 | 20231201050654.0 | ||
| 008 | 000714s2001 nyu b 001 0 eng | ||
| 020 | _a0801433878 (cloth : alk. paper) | ||
| 020 | _a0801484170 (pbk. : alk. paper) | ||
| 040 |
_aDLC _cDLC _dDLC |
||
| 082 | 0 | 0 |
_a305.42/01 _221 _bSON. |
| 100 | 1 | _aKruks, Sonia. | |
| 245 | 1 | 0 |
_aRetrieving experience : _bsubjectivity and recognition in feminist politics / _cSonia Kruks. |
| 260 |
_aIthaca : _bCornell University Press, _c2001. |
||
| 300 | _axii, 200 p. ; | ||
| 650 | 0 | _aFeminist theory. | |
| 650 | 0 | _aExistential phenomenology. | |
| 650 | 0 | _aSubjectivity. | |
| 650 | 0 | _aPostmodernism. | |
| 942 | _cL | ||
| 999 |
_c115 _d115 |
||